000 00566cam a22001933a 4500
001 45748
003 PGUSA
005 20140828084048.0
008 140524s2014||||xxu|||||s|||||000 | eng d
040 _aPGUSA
_beng
042 _adc
245 1 0 _aMr. Punch With Rod and Gun :
_bThe humours of fishing and shooting
_h[electronic resource] /
_cVarious
260 _bProject Gutenberg,
_c2014
506 _aPublic domain in the USA.
516 _aElectronic text
830 0 _aProject Gutenberg
_v45748
856 4 0 _uhttp://www.gutenberg.org/ebooks/45748
942 _cEB
999 _c274998
_d274998